| 000 | 00848nam a22002777a 4500 | ||
|---|---|---|---|
| 003 | CHAP | ||
| 005 | 20220329140458.0 | ||
| 008 | 971013s1984 r 10010 d | ||
| 010 | _a52579 | ||
| 011 | _a53551 | ||
| 035 | _a57701 | ||
| 040 | _cCHAP | ||
| 082 |
_a674 _bW6 |
||
| 111 | 0 | 0 |
_aWood Preservation Symposium. ( _d1983 _c: Pretoria) _9122500 |
| 245 | _aProceedings | ||
| 260 |
_a(Pretoria) : _bNational Timber Research Institute, _c(1984?) |
||
| 300 | _apág. varía | ||
| 590 |
_aBATCH-UPD _b10 _c20130110 _lUCH01 _h0539 |
||
| 590 |
_aBATCH-UPD _b10 _c20130410 _lUCH01 _h0220 |
||
| 590 |
_aBATCH-UPD _b10 _c20130914 _lUCH01 _h1739 |
||
| 590 |
_aCONVERSION _b10 _c20130109 _lUCH01 _h1328 |
||
| 650 | 1 | 4 |
_aMadera _xPreservación. _969619 |
| 901 | _aBK | ||
| 942 | _cLIBRO | ||
| 949 |
_a674 W6 _bBC _cLIBRO _d33724000149407 _eLIBRO _h59958 _i57701 _mD _si |
||
| 999 |
_c52579 _d52579 |
||